Συμβολή στη μελέτη του κλίματος της νήσου Λέσβου Contribution to the study of the climate of the island of Lesbos
Αποθηκεύτηκε σε:
| Κύριος συγγραφέας: | |
|---|---|
| Μορφή: | Βιβλίο |
| Γλώσσα: | Greek English |
| Δημοσίευση: |
Μυτιλήνη :
[χ.ό.],
1981.
|
| Θέματα: | |
| Ετικέτες: |
Προσθήκη ετικέτας
Δεν υπάρχουν, Καταχωρήστε ετικέτα πρώτοι!
|
MARC
| LEADER | 00000cam a2200000 a 4500 | ||
|---|---|---|---|
| 001 | 1/121377 | ||
| 008 | 200518s1981####gr |||||||||||||| ||gre|| | ||
| 040 | |a GR-MyUa |b gre |c GR-MyUa |e AACR2 | ||
| 041 | 1 | |a gre |h eng | |
| 082 | 7 | |2 (23) | |
| 100 | 1 | |a Χουτζαίος, Γεώργιος Μ. |d 1944- | |
| 245 | 1 | 0 | |a Συμβολή στη μελέτη του κλίματος της νήσου Λέσβου |h [ανάτυπο] = |b Contribution to the study of the climate of the island of Lesbos / |c Γεωργίου Μ. Χουτζαίου. |
| 246 | 1 | |i Παράλληλος τίτλος: |a Contribution to the study of the climate of the island of Lesbos | |
| 260 | |a Μυτιλήνη : |b [χ.ό.], |c 1981. | ||
| 300 | |a 45 σ. : |b σχ. ; |c 25 εκ. | ||
| 500 | |a Ανάτυπο από το περιοδικό "Μυτιλήνη" του Φιλοτεχνικού Ομίλου Μυτιλήνης. | ||
| 504 | |a Περιλαμβάνει βιβλιογραφία. | ||
| 650 | 0 | |a Climatology |z Greece |z Lesbos Island. | |
| 852 | |a INST |b LESVOS |e 20200518 |h 551.6949582 ΧΟΥ |p 005100062437 |q 005100062437 |t BK |y 0 | ||
| 920 | |a Χουτζαίος |b Γεώργιος |y Λέσβος |z 2001-11 | ||
| 970 | |a Καμάτσου |b Δέσποινα |z 18-05-2020 | ||